Electronic circuits for the evil genius (E-Book) (Record no. 192139)

000 -LEADER
fixed length control field 00796 a2200229 4500
003 - CONTROL NUMBER IDENTIFIER
control field Nust
005 - DATE AND TIME OF LATEST TRANSACTION
control field 20170207154031.0
020 ## - INTERNATIONAL STANDARD BOOK NUMBER
International Standard Book Number 0-07-144881-0 (hft.) :
035 ## - SYSTEM CONTROL NUMBER
System control number (Uk)013006797
040 ## - CATALOGING SOURCE
Transcribing agency Nust
082 04 - DEWEY DECIMAL CLASSIFICATION NUMBER
Classification number 621.3815
100 1# - MAIN ENTRY--PERSONAL NAME
Personal name Cutcher, Dave
245 10 - TITLE STATEMENT
Title Electronic circuits for the evil genius (E-Book)
Statement of responsibility, etc. Dave Cutcher
260 ## - PUBLICATION, DISTRIBUTION, ETC.
Place of publication, distribution, etc. New York :
Name of publisher, distributor, etc. McGraw-Hill,
Date of publication, distribution, etc. cop. 2005
300 ## - PHYSICAL DESCRIPTION
Extent 225 s. :
Other physical details ill. ;
Dimensions 28 cm
440 #0 - SERIES STATEMENT/ADDED ENTRY--TITLE
Title Evil genius series
505 ## - FORMATTED CONTENTS NOTE
Formatted contents note Part.1 Components (page-1) Par t. ii Introducing Digital Electronics (Page-47) Part.iii Counting Systems in Electronics (Page-125) Part. iv Amplifier Introduced and Applied (Page-173)
650 #0 - SUBJECT ADDED ENTRY--TOPICAL TERM
Topical term or geographic name entry element Electronic circuits
650 #0 - SUBJECT ADDED ENTRY--TOPICAL TERM
Topical term or geographic name entry element Electronic circuits
General subdivision Experiments
650 #0 - SUBJECT ADDED ENTRY--TOPICAL TERM
Topical term or geographic name entry element Elektroniska kretsar
651 ## - SUBJECT ADDED ENTRY--GEOGRAPHIC NAME
Geographic name (E-Book)
942 ## - ADDED ENTRY ELEMENTS (KOHA)
Source of classification or shelving scheme
Koha item type Book
Holdings
Withdrawn status Lost status Source of classification or shelving scheme Damaged status Not for loan Collection code Permanent Location Current Location Date acquired Total Checkouts Full call number Barcode Date last seen Price effective from Koha item type
            Military College of Signals (MCS) Military College of Signals (MCS) 12/12/2016   621.3815 MCSEB-1164 12/08/2016 12/12/2016 Book
            Military College of Signals (MCS) Military College of Signals (MCS) 12/12/2016   621.3815 MCSEB-1165 12/08/2016 12/12/2016 Book
© 2023 Central Library, National University of Sciences and Technology. All Rights Reserved.